| 000 | 00662nam a2200217Ia 4500 | ||
|---|---|---|---|
| 005 | 20241129104336.0 | ||
| 008 | 241129s9999||||xx |||||||||||||| ||und|| | ||
| 020 | _a9780367462581 | ||
| 037 | _aTextual | ||
| 040 |
_aRTL _beng _cRTL |
||
| 041 |
_aeng _2eng |
||
| 084 |
_aYxN16 R0 _qRTL |
||
| 100 | _aShah A.M. | ||
| 245 | 0 |
_aLegacy of M.N. Sninivas : His contribution to sociology and social anthropology in India _cShah A.M. |
|
| 260 |
_aNew York _bRoutledge _c2020 |
||
| 300 | _avi,90p. | ||
| 365 |
_aINR _b495 |
||
| 650 |
_aInfluence of M.N. Srinivas on Indian Sociology _9725883 |
||
| 942 |
_cTB _hYxN16 R0 |
||
| 999 |
_c1225477 _d1225477 |
||